Health economics / (Record no. 6016)
[ view plain ]
| 000 -LEADER | |
|---|---|
| fixed length control field | 02283pam a2200481 i 4500 |
| 001 - CONTROL NUMBER | |
| control field | 8166302 |
| 003 - CONTROL NUMBER IDENTIFIER | |
| control field | CaAEU |
| 005 - DATE AND TIME OF LATEST TRANSACTION | |
| control field | 20260306122626.0 |
| 008 - FIXED-LENGTH DATA ELEMENTS--GENERAL INFORMATION | |
| fixed length control field | 170606t20182018nyu b 001 0 eng |
| 010 ## - LIBRARY OF CONGRESS CONTROL NUMBER | |
| LC control number | 2017027102 |
| 020 ## - INTERNATIONAL STANDARD BOOK NUMBER | |
| International Standard Book Number | 9781138207981 |
| Qualifying information | (hbk.) |
| 020 ## - INTERNATIONAL STANDARD BOOK NUMBER | |
| International Standard Book Number | 1138207985 |
| Qualifying information | (hbk.) |
| 020 ## - INTERNATIONAL STANDARD BOOK NUMBER | |
| Canceled/invalid ISBN | 9781315460499 |
| Qualifying information | (ebk.) |
| 035 ## - SYSTEM CONTROL NUMBER | |
| System control number | ocn989862689 |
| 040 ## - CATALOGING SOURCE | |
| Original cataloging agency | DNLM/DLC |
| Language of cataloging | eng |
| Description conventions | rda |
| Transcribing agency | DLC |
| Modifying agency | OCLCO |
| -- | OCLCQ |
| -- | YDX |
| -- | BDX |
| -- | OCLCO |
| -- | QGJ |
| -- | OCLCA |
| -- | OCLCF |
| -- | UAB |
| -- | AEU |
| 042 ## - AUTHENTICATION CODE | |
| Authentication code | pcc |
| 043 ## - GEOGRAPHIC AREA CODE | |
| Geographic area code | n-us--- |
| 050 14 - LIBRARY OF CONGRESS CALL NUMBER | |
| Classification number | RA410 |
| Item number | .P48 2018 |
| 060 10 - NATIONAL LIBRARY OF MEDICINE CALL NUMBER | |
| Classification number | W 74 AA1 |
| 082 00 - DEWEY DECIMAL CLASSIFICATION NUMBER | |
| Classification number | 338.4/73621 |
| Edition number | 23 |
| 090 ## - LOCALLY ASSIGNED LC-TYPE CALL NUMBER (OCLC); LOCAL CALL NUMBER (RLIN) | |
| Classification number (OCLC) (R) ; Classification number, CALL (RLIN) (NR) | RA 410 P48 2018 |
| Local cutter number (OCLC) ; Book number/undivided call number, CALL (RLIN) | AEU |
| 100 1# - MAIN ENTRY--PERSONAL NAME | |
| Personal name | Phelps, Charles E., |
| Relator term | author. |
| 245 10 - TITLE STATEMENT | |
| Title | Health economics / |
| Statement of responsibility, etc. | Charles E. Phelps. |
| 250 ## - EDITION STATEMENT | |
| Edition statement | 6th edition. |
| 264 #1 - PRODUCTION, PUBLICATION, DISTRIBUTION, MANUFACTURE, AND COPYRIGHT NOTICE | |
| Place of production, publication, distribution, manufacture | New York, NY : |
| Name of producer, publisher, distributor, manufacturer | Routledge, Taylor & Francis Group, |
| Date of production, publication, distribution, manufacture, or copyright notice | 2018. |
| 264 #4 - PRODUCTION, PUBLICATION, DISTRIBUTION, MANUFACTURE, AND COPYRIGHT NOTICE | |
| Date of production, publication, distribution, manufacture, or copyright notice | ©2018 |
| 300 ## - PHYSICAL DESCRIPTION | |
| Extent | xvi, 508 pages : |
| Other physical details | illustrations ; |
| Dimensions | 26 cm |
| 336 ## - CONTENT TYPE | |
| Content type term | text |
| Content type code | txt |
| Source | rdacontent |
| 337 ## - MEDIA TYPE | |
| Media type term | unmediated |
| Media type code | n |
| Source | rdamedia |
| 338 ## - CARRIER TYPE | |
| Carrier type term | volume |
| Carrier type code | nc |
| Source | rdacarrier |
| 504 ## - BIBLIOGRAPHY, ETC. NOTE | |
| Bibliography, etc. note | Includes bibliographical references (pages 483-499) and index. |
| 505 0# - FORMATTED CONTENTS NOTE | |
| Formatted contents note | Why health economics? -- Utility and health -- The transformation of medical care to health -- The demand for medical care : conceptual framework -- Empirical studies of medical care demand and applications -- The physician and the physician-firm -- Physicians in the marketplace -- The hospital as a supplier of medical care -- Hospitals in the marketplace -- The demand for health insurance -- Health insurance supply and managed care -- Government provision of health insurance -- Medical malpractice -- Externalities in health and medical care -- Managing the market : regulation, quality certification, and technical change -- Universal insurance issues and international comparisons of health care systems. |
| 650 #0 - SUBJECT ADDED ENTRY--TOPICAL TERM | |
| Topical term or geographic name entry element | Medical economics. |
| 650 #2 - SUBJECT ADDED ENTRY--TOPICAL TERM | |
| Topical term or geographic name entry element | Economics, Medical. |
| 650 #2 - SUBJECT ADDED ENTRY--TOPICAL TERM | |
| Topical term or geographic name entry element | Health Services Needs and Demand |
| General subdivision | economics. |
| 650 #2 - SUBJECT ADDED ENTRY--TOPICAL TERM | |
| Topical term or geographic name entry element | Insurance, Health |
| General subdivision | economics. |
| 650 #2 - SUBJECT ADDED ENTRY--TOPICAL TERM | |
| Topical term or geographic name entry element | Financial Management, Hospital |
| General subdivision | economics. |
| 650 #2 - SUBJECT ADDED ENTRY--TOPICAL TERM | |
| Topical term or geographic name entry element | Marketing of Health Services |
| General subdivision | economics. |
| 650 #2 - SUBJECT ADDED ENTRY--TOPICAL TERM | |
| Topical term or geographic name entry element | Health Policy |
| General subdivision | economics. |
| 651 #2 - SUBJECT ADDED ENTRY--GEOGRAPHIC NAME | |
| Geographic name | United States. |
| 942 ## - ADDED ENTRY ELEMENTS (KOHA) | |
| Source of classification or shelving scheme | |
| Koha item type | Book |
| Suppress in OPAC | LK |
| 949 ## - LOCAL PROCESSING INFORMATION (OCLC) | |
| a | RA 410 P48 2018 |
| h | UAHL-B |
| i | 0162035705217 |
| z | COUTTS_COP |
No items available.